Constitutional law of India (Record no. 22666)
[ view plain ]
| 000 -LEADER | |
|---|---|
| fixed length control field | 00480nam a2200181Ia 4500 |
| 008 - FIXED-LENGTH DATA ELEMENTS--GENERAL INFORMATION | |
| fixed length control field | 230917s9999||||xx |||||||||||||| ||und|| |
| 020 ## - ISBN | |
| Price | RS560 |
| 040 ## - CATALOGING SOURCE | |
| -- | 240415 |
| Original cataloging agency | VIVEKANANDA LIBRARY |
| 041 ## - Language | |
| -- | English |
| 082 ## - DDC NUMBER | |
| Classification number | 342.54 P192C(53) |
| 100 ## - MAIN ENTRY--PERSONAL NAME | |
| Personal name | Pandey, J N |
| 245 #0 - TITLE STATEMENT | |
| Title | Constitutional law of India |
| 250 ## - EDITION STATEMENT | |
| Edition statement | 53rd ed. |
| 260 ## - PUBLICATION, DISTRIBUTION, ETC. (IMPRINT) | |
| Place of publication, distribution, etc | Allahabad |
| Name of publisher, distributor, etc | Central Law Agency |
| Date of publication, distribution, etc | 2016 |
| 300 ## - PHYSICAL DESCRIPTION | |
| Pages | ixii, 822 p. |
| 500 ## - GENERAL NOTE | |
| General note | 2722 29/05/2017 RBP17/66412 06/06/2017 Main Budget |
| 942 ## - ADDED ENTRY ELEMENTS (KOHA) | |
| Koha item type | Books |
| Withdrawn status | Lost status | Damaged status | Not for loan | Location (home branch) | Sublocation or collection (holding branch) | Date acquired | Koha issues (times borrowed) | Koha full call number | Accession No. | Koha date last seen | Koha item type |
|---|---|---|---|---|---|---|---|---|---|---|---|
| VIVEKANANDA LIBRARY | VIVEKANANDA LIBRARY | 10/07/2017 | 4 | 342.54 P192C(53) | 375015 | 10/10/2024 | Books | ||||
| VIVEKANANDA LIBRARY | VIVEKANANDA LIBRARY | 10/07/2017 | 4 | 342.54 P192C(53) | 375016 | 07/01/2025 | Books | ||||
| VIVEKANANDA LIBRARY | VIVEKANANDA LIBRARY | 10/07/2017 | 2 | 342.54 P192C(53) | 375017 | 04/11/2024 | Books | ||||
| VIVEKANANDA LIBRARY | VIVEKANANDA LIBRARY | 10/07/2017 | 2 | 342.54 P192C(53) | 375018 | 07/11/2023 | Books | ||||
| VIVEKANANDA LIBRARY | VIVEKANANDA LIBRARY | 10/07/2017 | 1 | 342.54 P192C(53) | 375019 | 14/10/2024 | Books |
